Hera : cuentos cortos /

Guardado en:
Autor Principal: Dubecq, María Elena
Formato: Libro
Publicado: Buenos Aires : Dintel, 1964
Materias:
Etiquetas: Agregar Etiqueta
Sin Etiquetas, Sea el primero en etiquetar este registro!
LEADER 00780nam a22002055a 4500
001 CEM.cems002154
005 20100913112818.0
008 130507s1964##################000#0#####d
003 CEMS
082 0 4 |a A868.4 
100 1 |a Dubecq, María Elena 
245 1 0 |a Hera :  |b cuentos cortos /  |c María Elena Dubecq 
260 |a Buenos Aires :  |b Dintel,  |c 1964 
300 |a 119 p. 
505 0 |a Hera -- En prenda -- La responsable -- La puerta -- Corral -- Brincabó -- Diálogo de antigallas -- Un legado -- Barrio de jacarandáes -- Rudeza -- La partida de Eduardo Urtazún -- Las compasiones de Juan Ovalle 
653 |a Literatura 
653 |a Literatura argentina-siglo 20 
653 |a Cuentos 
653 |a Cuento argentino 
859 |a CEMS  |b BIB. CEMS - 11 de abril  |h A868.4  |i D851  |p 10425.82  |t Ej.1